<?xml version="1.0" encoding="UTF-8"?>
<marc:record xmlns:marc="http://www.loc.gov/MARC21/slim">
   <marc:leader>00000nam a2200000 a 4500</marc:leader>
   <marc:datafield ind1="1" ind2=" " tag="100">
      <marc:subfield code="a">Brüder Grimm</marc:subfield>
      <marc:subfield code="4">aut</marc:subfield>
      <marc:subfield code="e">Verfasser/-in</marc:subfield>
   </marc:datafield>
   <marc:datafield ind1="0" ind2="0" tag="245">
      <marc:subfield code="a">Frau Holle</marc:subfield>
   </marc:datafield>
   <marc:datafield ind1="0" ind2="0" tag="245">
      <marc:subfield code="b">Ein Märchen der Brüder Grimm</marc:subfield>
   </marc:datafield>
   <marc:datafield ind1=" " ind2="1" tag="264">
      <marc:subfield code="b">NordSüd</marc:subfield>
      <marc:subfield code="c">2016</marc:subfield>
   </marc:datafield>
   <marc:datafield ind1="1" ind2=" " tag="520">
      <marc:subfield code="a">Eine Witwe hat zwei Töchter. Die eine ist schön und fleißig, die andere hässlich und faul. Eines Tages fällt die fleißige Tochter durch einen Brunnen in eine andere Welt. Dort muss sie für die alte Frau Holle die Hausarbeit verrichten und insbesondere ihr Bett aufschütteln. Und wenn die Federn fliegen, schneit es auf der Erde. Für ihr gutes Tun wird das Mädchen vor seiner Heimkehr mit einem Goldregen belohnt. Jetzt macht sich auch die zweite Tochter auf den Weg.</marc:subfield>
   </marc:datafield>
   <marc:datafield ind1=" " ind2=" " tag="020">
      <marc:subfield code="a">9783314103568</marc:subfield>
      <marc:subfield code="9">9783314103568</marc:subfield>
   </marc:datafield>
</marc:record>
